Proyectos educativos y sociales: planificación, gestión, seguimiento y evaluación

Bewaard in:
Bibliografische gegevens
Hoofdauteurs: Barbosa, Eduardo Fernandes (Auteur), Moura, Dácio Guimaraes de (Auteur)
Formaat: Boek
Taal:Spaans
Gepubliceerd in: Madrid Narcea 2013
Editie:1a. ed
Reeks:Educación Hoy Estudios
Onderwerpen:
Tags: Voeg label toe
Geen labels, Wees de eerste die dit record labelt!

MARC

LEADER 00000cam a2200000 a 4500
001 UCD2328
003 CL-VaPUC
008 160421e20130000sp |||||||||||||||||spa|d
020 |a 9788427719354 
082 0 4 |a 371.3  |b BAR  |2 21 
100 0 |a Barbosa, Eduardo Fernandes  |e author  |9 585664 
700 0 |a Moura, Dácio Guimaraes de  |e author  |9 585665 
245 1 0 |a Proyectos educativos y sociales: planificación, gestión, seguimiento y evaluación 
250 |a 1a. ed 
300 |a 230 p 
942 |c BK 
945 |d 20160421 23:07:00  |a arojas 
260 |a Madrid  |b Narcea  |c 2013 
650 7 |a PROYECTOS EDUCACIONALES  |2 CL-VaPUC  |9 585666 
650 7 |a PROYECTOS SOCIALES  |2 CL-VaPUC  |9 361906 
583 |a last modification  |c 20160421 23:07:00  |k Rodrigo Vera 
490 0 |a Educación Hoy Estudios 
999 |c 363490  |d 363488 
952 |0 0  |1 0  |3 erb  |4 0  |6 371_300000000000000_BAR_2013  |7 0  |8 A  |9 475944  |a BIBTEO  |b BIBTEO  |i 5282667  |o 371.3 BAR 2013  |p 5282667  |r 2025-01-17  |w 2019-11-24  |y BK  |z Catalogado en:20160421  |k ICR